Statistics for UK Country Quiz-Multiple Choice

Click here to take the quiz!

General Stats

  • This quiz has been taken 41 times
  • The average score is 6 of 10

Answer Stats

QuestionAnswer% Correct
The UK is made up of...England, Scotland, Wales, and Northern Ireland
97%
What is the national anthem of the UK?God Save the Queen/King
90%
The Eurostar takes you from...London to Paris
79%
The UK is part of...NATO
79%
What are the most common baby names in the UK?Oliver and Olivia
51%
How many bombing raids were carried out on London during WWII?71
49%
The UK colonised about...25% of the world
46%
How many prime ministers has the UK had?55
44%
What was the official end of the British Empire?The loss of Hong Kong
31%
About how many tourists visit the UK each year?39,400,000
26%

Score Distribution

Percentile by Number Answered

Percent of People with Each Score

Your Score History

You have not taken this quiz